00255nam a2200109Ia 4500008004100000100002000041245003900061250000600100260002300106300000800129650000800137191201s2006 xx 000 0 und d aLEACH, Donald P 0aDigital Principles and Application a- c2006bTMHaN.Delhi a683 aECE